Cómo hablar bien en público : (Registro nro. 133)
[ vista simple ]
| 000 -LEADER | |
|---|---|
| fixed length control field | 01394nam a2200253Ia 4500 |
| 003 - CONTROL NUMBER IDENTIFIER | |
| control field | PE SENCICO BE |
| 005 - DATE AND TIME OF LATEST TRANSACTION | |
| control field | 20251020182427.0 |
| 008 - FIXED-LENGTH DATA ELEMENTS--GENERAL INFORMATION | |
| fixed length control field | 200515s9999 xx 000 0 und d |
| 020 ## - INTERNATIONAL STANDARD BOOK NUMBER | |
| International Standard Book Number | 84-8088.334-0 |
| 040 ## - CATALOGING SOURCE | |
| Original cataloging agency | PE SENCICO BE |
| Transcribing agency | PE SENCICO BE |
| 041 ## - LANGUAGE CODE | |
| Language code of text/sound track or separate title | spa |
| 082 ## - DEWEY DECIMAL CLASSIFICATION NUMBER | |
| Classification number | 808.51 |
| Item number | C82 |
| 100 1# - MAIN ENTRY--PERSONAL NAME | |
| Personal name | Couto, Manuel |
| 9 (RLIN) | 2284 |
| Relator term | autor |
| 245 10 - TITLE STATEMENT | |
| Title | Cómo hablar bien en público : |
| Remainder of title | comunicar, persuadir y convencer con palabras / |
| Statement of responsibility, etc. | Manuel Couto |
| 250 ## - EDITION STATEMENT | |
| Edition statement | 2a ed. |
| 260 ## - PUBLICATION, DISTRIBUTION, ETC. | |
| Place of publication, distribution, etc. | Barcelona : |
| Name of publisher, distributor, etc. | Gestión 2000 ; |
| Date of publication, distribution, etc. | 1999 |
| 300 ## - PHYSICAL DESCRIPTION | |
| Extent | 155 p. : |
| Other physical details | il., tbl., graf. ; |
| Dimensions | 22 cm. |
| 505 0# - FORMATTED CONTENTS NOTE | |
| Formatted contents note | La comunicación personal, hoy -- Algo de psicología -- La comunicación global -- Motivación -- La sonrisa -- El sí -- La última llave -- La expresión corporal -- El miedo y los nervios -- Nomas básicas protocolarias -- La comunicación oral -- Recursos estilísticos -- La estructura del mensaje -- Elementos físicos que intervienen en la comunicación -- Casos diferentes de comunicación verba directa -- La comunicación verbal indirecta. |
| 520 ## - SUMMARY, ETC. | |
| Summary, etc. | Esta obra le muestra, con un lenguaje sencillo y directo, todas las formulas e ideas para que pueda: impartir clases como profesor, impartir una conferencia, presentarse a una entrevista de trabajo, etc. |
| 650 10 - SUBJECT ADDED ENTRY--TOPICAL TERM | |
| Topical term or geographic name entry element | Oratoria |
| 9 (RLIN) | 2285 |
| 650 20 - SUBJECT ADDED ENTRY--TOPICAL TERM | |
| Topical term or geographic name entry element | Hablar en público |
| 9 (RLIN) | 2286 |
| 650 20 - SUBJECT ADDED ENTRY--TOPICAL TERM | |
| Topical term or geographic name entry element | Comunicación oral |
| 9 (RLIN) | 2287 |
| 942 ## - ADDED ENTRY ELEMENTS (KOHA) | |
| Koha item type | Libros |
| Source of classification or shelving scheme | Dewey Decimal Classification |
| Fecha de la última vez que lo usaron | Número de ingreso o de inventario | Pago total | Signatura topográfica completa | Código de barras | Precio efectivo desde | Tipo de documento | Estado perdido | Sistema de clasificación | Estado dañado | No es para préstamo | Retirado | Ubicación permanente | Ubicación actual | Fecha de adquisición |
|---|---|---|---|---|---|---|---|---|---|---|---|---|---|---|
| 15/05/2020 | 11675 | 808.51/C82/1999 | BibLima24060032 | 15/05/2020 | Libros | Dewey Decimal Classification | Biblioteca Central Lima | Biblioteca Central Lima | 15/05/2020 |